000 00396 a2200169 4500
001 190805
020 _a85-88409-77-1
040 _cMagnum
100 _aFerreira, Nilce
240 1 0 _aChapeuzinho vermelho ficou grande
_lpor
245 1 0 _aChapeuzinho vermelho ficou grande
300 _a12
362 0 _a2003
440 1 _aArmazém de Idéias
697 _aLITERATURA INFANTO
942 _cBK
999 _c190805
_d190805